|
|
|
|
| LEADER |
00000naa2a2200000 4500 |
| 001 |
177024 |
| 005 |
20231031165451.0 |
| 035 |
|
|
|a (RuTPU)RU\TPU\book\191930
|
| 090 |
|
|
|a 177024
|
| 100 |
|
|
|a 20100310d2004 k y0rusy50 ca
|
| 101 |
0 |
|
|a rus
|
| 102 |
|
|
|a RU
|
| 200 |
1 |
|
|a Проблемы социальной молодёжной политики в условиях развития рыночных реформ
|f О. И. Тюкульмина
|
| 463 |
|
0 |
|0 (RuTPU)RU\TPU\book\76422
|y 5-98298-079-9
|t Актуальные проблемы социальной философии
|o труды региональной научно-практической конференции, Томск, 28-29 октября 2004 г.
|f Томский политехнический университет
|v С. 123-124
|d 2004
|p 160 с.
|
| 610 |
1 |
|
|a молодёжь
|
| 610 |
1 |
|
|a молодёжная политика
|
| 610 |
1 |
|
|a социальная политика
|
| 610 |
1 |
|
|a рыночная экономика
|
| 610 |
1 |
|
|a реформы
|
| 610 |
1 |
|
|a труды учёных ТПУ
|
| 700 |
|
1 |
|a Тюкульмина
|b О. И.
|c старший преподаватель
|c кафедра философии Томского политехнического университета
|g Ольга Ивановна
|2 stltpush
|3 (RuTPU)RU\TPU\pers\24705
|
| 801 |
|
1 |
|a RU
|b 63413507
|c 20100310
|
| 942 |
|
|
|c BK
|